000 00643nam a22001817a 4500
003 IT-RoPau
005 20220918181218.0
008 131130b xxu||||| |||| 00| 0 eng d
040 _cIT-RoPau
100 _aSgarbossa, Eliseo
_94575
245 _aPalestra del Clero
_bRivista mensile di cultura e pratica ecclesiastica
250 _aI
260 _aRovigo
_bIstituto padano di arti grafiche - Rovigo
_c1996
300 _aDa Pag. 661 a 684
_c23 cm
490 _aAnno 75 - Settembre 1996
_v9° Num.
520 _aIndice Insegnamenti pontifici Editoriale Anno Santo Catechesi Teologia Spirituale Preti Questioni storiche
942 _2ddc
_cBK
999 _c104176
_d104176